| 000 | 00633cam a22001934a 4500 | ||
|---|---|---|---|
| 020 | _a0471430234 | ||
| 040 | _cDLC | ||
| 082 | 0 | 0 | _a005 WIL 2003 A006 Or. |
| 100 | 1 | _aJohnson, Glenn, | |
| 245 | 1 | 0 | _aASP.NET in 60 minutes a day / |
| 260 |
_aIndianapolis, Ind. : _bWiley Pub., _c2003. |
||
| 300 |
_axxxii, 772 p. : _bill. ; _c24 cm. |
||
| 500 | _aIncludes index. | ||
| 650 | 0 | _aWeb site development | |
| 856 | 4 | 2 | _uhttp://www.loc.gov/catdir/bios/wiley046/2003004074.html |
| 856 | 4 | 2 | _uhttp://www.loc.gov/catdir/description/wiley039/2003004074.html |
| 856 | 4 | 1 | _uhttp://www.loc.gov/catdir/toc/wiley031/2003004074.html |
| 942 | _cEK | ||
| 999 |
_c11975 _d11975 |
||